[Event "EYCC Open U10 2021"]
[Site "Tornelo"]
[Date "2021.10.15"]
[Round "4.12"]
[White "Gabadadze, Gabriel"]
[Black "Golis, Wiktor"]
[Result "1-0"]
[WhiteElo "1407"]
[BlackElo "1684"]
[Annotator "NA"]
[PlyCount "67"]
[EventDate "2021.10.15"]
[EventType "swiss"]
[EventCountry "NET"]
[SourceTitle "playchess.com"]
[Source "ChessBase"]
[SourceQuality "1"]
[TimeControl "5400+30"]

1. e4 {[%emt 0:00:30]} c5 {[%emt 0:00:41]} 2. Nf3 {[%emt 0:00:07]} d6 {[%emt 0:00:07]} 3. c3 {[%emt 0:00:08]} Nf6 {[%emt 0:00:12]} 4. Qc2 {[%emt 0:00:12]} Qc7 {[%emt 0:00:17]} 5. Bb5+ {[%emt 0:00:11]} Bd7 {[%emt 0:00:07]} 6. Bxd7+ {[%emt 0:00:13]} Nbxd7 {[%emt 0:00:04]} 7. d3 {[%emt 0:00:10]} g6 {[%emt 0:00:12]} 8. Bg5 {[%emt 0:00:12]} Bg7 {[%emt 0:00:11]} 9. h3 {[%emt 0:00:12]} Rb8 {[%emt 0:00:32]} 10. a4 {[%emt 0:01:04]} O-O {[%emt 0:00:54]} 11. O-O {[%emt 0:00:25]} a6 {[%emt 0:01:06]} 12. a5 {[%emt 0:00:56]} b5 {[%emt 0:00:40]} 13. axb6 {[%emt 0:00:57]} Qxb6 {[%emt 0:01:19]} 14. Ra2 {[%emt 0:01:16]} e6 {[%emt 0:06:44]} 15. Nbd2 {[%emt 0:01:39]} Rfe8 {[%emt 0:03:15]} 16. Nc4 {[%emt 0:01:45]} Qc6 {[%emt 0:00:31]} 17. Rfa1 {[%emt 0:01:03]} Ra8 {[%emt 0:01:33]} 18. Qa4 {[%emt 0:06:24]} Qc7 {[%emt 0:01:36]} 19. Qa5 {[%emt 0:01:58]} Qb8 {[%emt 0:00:53]} 20. Qa4 {[%emt 0:09:55]} d5 {[%emt 0:00:44]} 21. exd5 {[%emt 0:03:00]} exd5 {[%emt 0:00:16]} 22. Ne3 {[%emt 0:02:16]} Qd6 {[%emt 0:01:01]} 23. Bf4 {[%emt 0:02:13]} Qe6 {[%emt 0:03:56]} 24. Ng5 {[%emt 0:01:22]} Qe7 {[%emt 0:01:11]} 25. Qc6 {[%emt 0:02:43]} d4 {[%emt 0:02:15]} 26. Bd6 {[%emt 0:01:13]} Qd8 {[%emt 0:02:56]} 27. cxd4 {[%emt 0:04:36]} cxd4 {[%emt 0:00:16]} 28. Nc4 {[%emt 0:00:51]} Nb8 {[%emt 0:07:37]} 29. Qxa8 {[%emt 0:00:52]} Nfd7 {[%emt 0:03:29]} 30. Qd5 {[%emt 0:00:46]} Qf6 {[%emt 0:00:24]} 31. Bxb8 {[%emt 0:00:42]} Nxb8 {[%emt 0:00:25]} 32. Qxf7+ {[%emt 0:00:19]} Qxf7 {[%emt 0:00:58]} 33. Nxf7 {[%emt 0:00:08]} Kxf7 {[%emt 0:01:32]} 34. Nd6+ {[%emt 0:00:10]} 1-0

[Event "EYCC Open U10 2021"]
[Site "Tornelo"]
[Date "2021.10.15"]
[Round "5.1"]
[White "Negrean, Andrei"]
[Black "Demchenko, Maksim Dm"]
[Result "1-0"]
[WhiteElo "1847"]
[BlackElo "1615"]
[Annotator "NA RC"]
[PlyCount "93"]
[EventDate "2021.10.15"]
[EventType "swiss"]
[EventCountry "NET"]
[SourceTitle "playchess.com"]
[Source "ChessBase"]
[SourceQuality "1"]
[TimeControl "5400+30"]

1. e4 {[%emt 0:00:30]} e6 {[%emt 0:00:32]} 2. d4 {[%emt 0:00:14]} d5 {[%emt 0:00:03]} 3. Nd2 {[%emt 0:00:21]} Nf6 {[%emt 0:00:06]} 4. e5 {[%emt 0:00:31]} Nfd7 {[%emt 0:00:09]} 5. Bd3 {[%emt 0:00:32]} c5 {[%emt 0:00:04]} 6. c3 {[%emt 0:00:15]} Nc6 {[%emt 0:00:03]} 7. Ne2 {[%emt 0:00:19]} Qb6 {[%emt 0:00:06]} 8. Nf3 {[%emt 0:00:35]} cxd4 {[%emt 0:00:07]} 9. cxd4 {[%emt 0:00:13]} Bb4+ {[%emt 0:00:04]} 10. Bd2 {[%emt 0:01:13]} Bxd2+ {[%emt 0:00:05]} 11. Qxd2 {[%emt 0:00:14]} Qb4 {[%emt 0:00:05]} 12. O-O {[%emt 0:13:58]} Qxd2 {[%emt 0:01:40]} 13. Nxd2 {[%emt 0:00:10]} Nb4 {[%emt 0:24:55]} 14. Bb1 {[%emt 0:06:34]} Nb6 {[%emt 0:00:52]} 15. a3 {[%emt 0:01:22]} Nc6 {[%emt 0:00:05]} 16. f4 {[%emt 0:07:15]} O-O {[%emt 0:03:39]} 17. f5 {[%emt 0:10:46]} Bd7 {[%emt 0:01:25]} 18. f6 {[%emt 0:08:06]} g6 {[%emt 0:00:29]} 19. Bd3 $14 {[%emt 0:04:18]} a6 {[%emt 0:00:22]} 20. h4 {[%emt 0:06:51]} h6 {[%emt 0:23:42]} 21. Rac1 {[%emt 0:14:19]} Rac8 {[%emt 0:01:36]} 22. h5 {[%emt 0:04:37]} g5 {[%emt 0:00:05]} 23. Nf3 {[%emt 0:03:59]} Na7 {[%emt 0:02:47]} 24. Nc3 {[%emt 0:06:02]} Na4 {[%emt 0:02:35]} 25. Nxa4 {[%emt 0:04:18]} Bxa4 {[%emt 0:00:05]} 26. Rfe1 {[%emt 0:00:38]} Nb5 {[%emt 0:04:34]} 27. Kf2 {[%emt 0:03:21]} Kh8 {[%emt 0:02:17]} 28. Ke3 {[%emt 0:00:26]} Na7 {[%emt 0:13:19]} 29. Nh2 {[%emt 0:00:30]} Rxc1 {[%emt 0:01:12]} 30. Rxc1 {[%emt 0:00:07]} Rc8 {[%emt 0:00:02]} 31. Rxc8+ {[%emt 0:00:33]} Nxc8 {[%emt 0:00:05]} 32. Ng4 {[%emt 0:01:25]} Bd1 {[%emt 0:07:02]} 33. Nxh6 {[%emt 0:00:26]} Bxh5 {[%emt 0:00:03]} 34. g4 {[%emt 0:00:07]} Bg6 {[%emt 0:00:03]} 35. Bxg6 {[%emt 0:00:08]} fxg6 {[%emt 0:00:02]} 36. Nf7+ {[%emt 0:00:19]} Kg8 {[%emt 0:00:01]} 37. Nxg5 {[%emt 0:00:21]} Nb6 {[%emt 0:00:11]} 38. b3 {[%emt 0:00:33]} a5 {[%emt 0:00:18]} 39. Nxe6 {[%emt 0:00:09]} a4 {[%emt 0:00:03]} 40. bxa4 {[%emt 0:00:14]} Nc4+ {[%emt 0:01:08]} 41. Kf4 {[%emt 0:00:24]} Nxa3 {[%emt 0:00:09]} 42. Nc7 {[%emt 0:00:11]} Kf7 {[%emt 0:01:20]} 43. g5 {[%emt 0:00:11]} Nc2 {[%emt 0:00:35]} 44. e6+ {[%emt 0:00:06]} Kg8 {[%emt 0:00:03]} 45. e7 {[%emt 0:00:04]} Kh7 {[%emt 0:00:06]} 46. e8=Q {[%emt 0:00:09]} Nxd4 {[%emt 0:00:02]} 47. Qf7+ {[%emt 0:00:06]} 1-0

[Event "EYCC Open U10 2021"]
[Site "Tornelo"]
[Date "2021.10.15"]
[Round "5.2"]
[White "Surikov, Alexey"]
[Black "Petukhov, Dmitriy"]
[Result "0-1"]
[WhiteElo "1548"]
[BlackElo "1769"]
[Annotator "NA RC"]
[PlyCount "144"]
[EventDate "2021.10.15"]
[EventType "swiss"]
[EventCountry "NET"]
[SourceTitle "playchess.com"]
[Source "ChessBase"]
[SourceQuality "1"]
[TimeControl "5400+30"]

1. e4 {[%emt 0:00:30]} c6 {[%emt 0:00:40]} 2. d3 {[%emt 0:00:08]} d5 {[%emt 0:00:04]} 3. Nd2 {[%emt 0:00:04]} e6 {[%emt 0:00:36]} 4. Ngf3 {[%emt 0:00:08]} b6 {[%emt 0:00:06]} 5. g3 {[%emt 0:00:20]} Bb7 {[%emt 0:00:06]} 6. Bg2 {[%emt 0:00:09]} Nd7 {[%emt 0:00:07]} 7. O-O {[%emt 0:00:06]} Bd6 {[%emt 0:00:09]} 8. Re1 {[%emt 0:00:05]} Qc7 {[%emt 0:00:17]} 9. Qe2 {[%emt 0:00:15]} O-O-O {[%emt 0:08:55]} 10. e5 {[%emt 0:15:46]} Be7 {[%emt 0:00:56]} 11. c3 {[%emt 0:01:41]} h5 {[%emt 0:00:53]} 12. h4 {[%emt 0:03:17]} Nh6 {[%emt 0:00:14]} 13. b4 {[%emt 0:01:22]} Nf5 {[%emt 0:03:29]} 14. Nb3 {[%emt 0:00:41]} Kb8 {[%emt 0:00:28]} 15. Bf4 {[%emt 0:00:13]} Rc8 {[%emt 0:00:15]} 16. Nbd4 {[%emt 0:02:18]} Nxd4 {[%emt 0:00:58]} 17. Nxd4 {[%emt 0:00:06]} g6 {[%emt 0:00:36]} 18. a4 {[%emt 0:01:51]} a6 {[%emt 0:12:29]} 19. Rec1 {[%emt 0:02:41]} c5 {[%emt 0:02:47]} 20. bxc5 {[%emt 0:01:27]} bxc5 {[%emt 0:00:40]} 21. Nc2 {[%emt 0:00:50]} c4 {[%emt 0:00:29]} 22. d4 {[%emt 0:00:48]} Ka8 {[%emt 0:01:25]} 23. Nb4 {[%emt 0:00:26]} Bxb4 {[%emt 0:01:05]} 24. cxb4 {[%emt 0:00:04]} Qb6 {[%emt 0:00:15]} 25. Qd2 {[%emt 0:00:18]} Rc7 {[%emt 0:02:00]} 26. Qc3 {[%emt 0:00:54]} Nb8 {[%emt 0:01:18]} 27. b5 {[%emt 0:00:59]} Bc8 {[%emt 0:00:58]} 28. Rcb1 {[%emt 0:00:52]} Rb7 {[%emt 0:01:09]} 29. Kh2 {[%emt 0:01:36]} Bd7 {[%emt 0:01:41]} 30. a5 {[%emt 0:01:02]} Qc7 {[%emt 0:00:49]} 31. bxa6 {[%emt 0:00:16]} Rxb1 {[%emt 0:01:19]} 32. Rxb1 {[%emt 0:00:09]} Bc6 {[%emt 0:00:09]} 33. Rb6 {[%emt 0:00:25]} Nd7 {[%emt 0:00:07]} 34. Qb4 {[%emt 0:03:01]} Rc8 {[%emt 0:06:06]} 35. Bd2 {[%emt 0:02:22]} Ka7 {[%emt 0:00:19]} 36. Qe7 {[%emt 0:05:16]} Nxb6 {[%emt 0:01:26]} 37. axb6+ {[%emt 0:00:07]} Kxb6 {[%emt 0:00:05]} 38. Qa3 {[%emt 0:00:09]} Ka7 {[%emt 0:01:04]} 39. Ba5 {[%emt 0:01:21]} Qd7 {[%emt 0:01:23]} 40. Bb4 {[%emt 0:00:57]} Bb5 {[%emt 0:01:58]} 41. Bc5+ {[%emt 0:00:06]} Ka8 {[%emt 0:00:04]} 42. a7 {[%emt 0:00:11]} Qb7 {[%emt 0:00:15]} 43. Bf1 {[%emt 0:00:38]} Qa6 {[%emt 0:00:25]} 44. Qf3 {[%emt 0:00:05]} Qb7 {[%emt 0:01:33]} 45. Qa3 {[%emt 0:00:35]} Qd7 {[%emt 0:02:46]} 46. Qa5 {[%emt 0:00:45]} Ba4 {[%emt 0:00:48]} 47. Qc3 {[%emt 0:00:43]} Bb3 {[%emt 0:00:23]} 48. Kg1 {[%emt 0:00:44]} Rc6 {[%emt 0:01:45]} 49. Qb4 {[%emt 0:01:52]} Rc8 {[%emt 0:01:07]} 50. Qc3 {[%emt 0:00:15]} Qd8 {[%emt 0:01:18]} 51. Qb4 {[%emt 0:01:20]} f5 {[%emt 0:01:48]} 52. Qd2 {[%emt 0:00:21]} Qe8 {[%emt 0:00:28]} 53. Qa5 {[%emt 0:00:56]} Qc6 {[%emt 0:02:44]} 54. Kh2 {[%emt 0:00:37]} Qc7 {[%emt 0:01:31]} 55. Qa6 {[%emt 0:00:34]} Qc6 {[%emt 0:00:28]} 56. Qa5 {[%emt 0:00:04]} Ba4 {[%emt 0:00:23]} 57. Qd2 {[%emt 0:00:28]} Qb7 {[%emt 0:01:50]} 58. Qg5 {[%emt 0:00:49]} Qf7 {[%emt 0:01:00]} 59. Qd2 {[%emt 0:00:27]} Qb7 {[%emt 0:03:09]} 60. Qa5 {[%emt 0:01:06]} Bc2 {[%emt 0:01:45]} 61. Bb6 {[%emt 0:00:34]} Be4 {[%emt 0:00:33]} 62. Be2 {[%emt 0:01:41]} Bd3 {[%emt 0:00:40]} 63. Bxd3 {[%emt 0:01:35]} cxd3 {[%emt 0:00:19]} 64. Bc5 {[%emt 0:00:06]} f4 {[%emt 0:02:00]} 65. gxf4 {[%emt 0:00:49]} Qf7 {[%emt 0:01:15]} 66. Qd2 {[%emt 0:00:17]} Qf5 {[%emt 0:00:11]} 67. f3 {[%emt 0:00:12]} Rc7 {[%emt 0:00:21]} 68. Kg3 {[%emt 0:00:18]} Rf7 {[%emt 0:00:38]} 69. Kg2 {[%emt 0:00:54]} Qxf4 {[%emt 0:01:28]} 70. Qxd3 {[%emt 0:00:38]} g5 {[%emt 0:01:42]} 71. hxg5 {[%emt 0:00:58]} Qxg5+ {[%emt 0:00:15]} 72. Kh3 {[%emt 0:00:18]} Rf4 {[%emt 0:00:30]} 0-1

[Event "EYCC Open U10 2021"]
[Site "Tornelo"]
[Date "2021.10.15"]
[Round "5.3"]
[White "Ivanov, Andrey A."]
[Black "Kengurov, Yaroslav"]
[Result "0-1"]
[WhiteElo "2180"]
[BlackElo "1484"]
[Annotator "TA"]
[PlyCount "62"]
[EventDate "2021.10.15"]
[EventType "swiss"]
[EventCountry "NET"]
[SourceTitle "playchess.com"]
[Source "ChessBase"]
[SourceQuality "1"]

{[%evp 25,62,0,8,-12,-22,-19,-8,-27,-27,-25,-22,-36,0,0,0,0,0,0,0,-15,0,-15,0,0,1,0,0,-695,-682,-724,-728,-900,-900,-898,-891,-889,-867,-778,-757]} 1. e4 c5 2. Nf3 Nc6 3. d4 cxd4 4. Nxd4 Nf6 5. Nc3 e5 6. Ndb5 d6 7. Bg5 a6 8. Na3 b5 9. Nd5 Be7 10. Bxf6 Bxf6 11. c3 O-O 12. Nc2 Bg5 13. Be2 Be6 14. Ncb4 {B33: Sicilian: Pelikan and Sveshnikov Variations.} (14. a4 {is interesting.} bxa4 15. Rxa4 a5 16. O-O Rb8 17. b4) 14... Nxb4 15. Nxb4 Qd7 16. O-O {The position is equal.} a5 17. Nd5 Qb7 {[#]} 18. Qc2 $146 ({Predecessor:} 18. a3 f5 19. Bf3 Bxd5 20. Qxd5+ Qxd5 21. exd5 Rfc8 22. Be2 Rab8 23. g3 g6 24. Kg2 {½-½ (43) Belous,V (2577)-Shomoev,A (2576) Taganrog 2015}) 18... f5 19. Rad1 f4 20. f3 Kh8 21. Kh1 Bh4 22. Qd3 Rab8 23. Rd2 g5 24. Bd1 Rg8 25. Nf6 Rg6 {White must now prevent ...Bc4.} ({Of course not} 25... Bc4 $6 26. Qxd6 Rgd8 27. Qxd8+ Rxd8 28. Rxd8+ Kg7 29. Rd7+ Qxd7 30. Nxd7 $16) 26. Ng4 $2 {[%mdl 8192]} (26. Qxd6 $11 Rxf6 27. Qxe5) 26... Bc4 $19 {[%mdl 64] [#] Skewer. Black is clearly winning.} 27. Qc2 Bxf1 28. b3 Qb6 29. h3 Bg3 30. Nh2 Bxh2 31. Kxh2 Qe3 {Weighted Error Value: White=0.46/Black=0.06} 0-1

[Event "EYCC Open U10 2021"]
[Site "Tornelo"]
[Date "2021.10.15"]
[Round "5.4"]
[White "Williams, Oscar"]
[Black "Temirbekov, Taimaz"]
[Result "0-1"]
[WhiteElo "1405"]
[BlackElo "1573"]
[Annotator "NA RC"]
[PlyCount "162"]
[EventDate "2021.10.15"]
[EventType "swiss"]
[EventCountry "NET"]
[SourceTitle "playchess.com"]
[Source "ChessBase"]
[SourceQuality "1"]
[TimeControl "5400+30"]

1. e4 {[%emt 0:00:30]} c5 {[%emt 0:00:41]} 2. Nf3 {[%emt 0:00:06]} d6 {[%emt 0:00:06]} 3. d4 {[%emt 0:00:03]} cxd4 {[%emt 0:00:04]} 4. Nxd4 {[%emt 0:00:08]} Nf6 {[%emt 0:00:05]} 5. Nc3 {[%emt 0:00:04]} a6 {[%emt 0:00:06]} 6. h3 {[%emt 0:00:04]} e5 {[%emt 0:00:09]} 7. Nde2 {[%emt 0:00:06]} h5 {[%emt 0:00:32]} 8. g3 {[%emt 0:00:09]} Be7 {[%emt 0:00:20]} 9. Bg2 {[%emt 0:00:07]} b5 {[%emt 0:00:07]} 10. Be3 {[%emt 0:00:11]} Bb7 {[%emt 0:01:22]} 11. Qd2 {[%emt 0:00:29]} Nbd7 {[%emt 0:04:50]} 12. Nd5 {[%emt 0:01:02]} Nxd5 {[%emt 0:12:19]} 13. exd5 {[%emt 0:00:08]} Rc8 {[%emt 0:00:59]} 14. O-O {[%emt 0:01:11]} Qc7 {[%emt 0:05:01]} 15. Rac1 {[%emt 0:01:32]} Nb6 {[%emt 0:06:28]} 16. b3 {[%emt 0:02:31]} O-O {[%emt 0:00:23]} 17. g4 {[%emt 0:04:12]} Rb8 {[%emt 0:02:56]} 18. Ng3 {[%emt 0:03:42]} hxg4 {[%emt 0:01:54]} 19. hxg4 {[%emt 0:00:47]} Bc8 {[%emt 0:00:42]} 20. Nf5 {[%emt 0:02:40]} Bxf5 {[%emt 0:04:39]} 21. gxf5 {[%emt 0:02:05]} Nd7 {[%emt 0:02:04]} 22. Be4 {[%emt 0:01:53]} b4 {[%emt 0:03:52]} 23. c4 {[%emt 0:03:41]} Nc5 {[%emt 0:03:50]} 24. f3 {[%emt 0:02:37]} Qb6 {[%emt 0:00:48]} 25. Qg2 {[%emt 0:05:16]} Bf6 {[%emt 0:01:06]} 26. Kf2 {[%emt 0:08:26]} Rfc8 {[%emt 0:00:58]} 27. Ke2 {[%emt 0:01:01]} Kf8 {[%emt 0:01:16]} 28. Rh1 {[%emt 0:00:34]} Ke7 {[%emt 0:00:23]} 29. Rh7 {[%emt 0:03:03]} Rh8 {[%emt 0:01:23]} 30. Rch1 {[%emt 0:00:23]} Rxh7 {[%emt 0:00:13]} 31. Rxh7 {[%emt 0:02:10]} Rg8 {[%emt 0:05:06]} 32. Kf1 {[%emt 0:07:16]} Qc7 {[%emt 0:04:58]} 33. Bg5 {[%emt 0:08:04]} Nd7 {[%emt 0:01:45]} 34. Be3 {[%emt 0:08:18]} a5 {[%emt 0:01:35]} 35. Rh2 {[%emt 0:04:01]} a4 {[%emt 0:07:51]} 36. Bc2 {[%emt 0:01:02]} axb3 {[%emt 0:01:01]} 37. Bxb3 {[%emt 0:01:45]} Qb8 {[%emt 0:00:48]} 38. Qd2 {[%emt 0:01:33]} Rh8 {[%emt 0:01:34]} 39. Kg1 {[%emt 0:01:07]} e4 {[%emt 0:01:40]} 40. f4 {[%emt 0:00:55]} Bc3 {[%emt 0:02:11]} 41. Qg2 {[%emt 0:01:51]} Nf6 {[%emt 0:01:08]} 42. Rxh8 {[%emt 0:06:57]} Qxh8 {[%emt 0:00:19]} 43. c5 {[%emt 0:00:09]} Qh4 {[%emt 0:01:06]} 44. cxd6+ {[%emt 0:05:30]} Kxd6 {[%emt 0:02:28]} 45. Bf2 {[%emt 0:00:27]} Qg4 {[%emt 0:00:19]} 46. Qxg4 {[%emt 0:01:24]} Nxg4 {[%emt 0:00:12]} 47. Kf1 {[%emt 0:00:21]} Nf6 {[%emt 0:00:20]} 48. Ke2 {[%emt 0:01:06]} Nxd5 {[%emt 0:00:53]} 49. Be3 {[%emt 0:00:19]} Bf6 {[%emt 0:06:55]} 50. Bd2 {[%emt 0:01:57]} Bc3 {[%emt 0:02:56]} 51. Be3 {[%emt 0:00:29]} Ne7 {[%emt 0:10:42]} 52. Bxf7 {[%emt 0:01:07]} Nxf5 {[%emt 0:00:07]} 53. Bg6 {[%emt 0:00:38]} Ke6 {[%emt 0:00:08]} 54. Bc5 {[%emt 0:01:34]} Kf6 {[%emt 0:00:56]} 55. Be8 {[%emt 0:02:42]} g5 {[%emt 0:00:25]} 56. fxg5+ {[%emt 0:01:11]} Kxg5 {[%emt 0:00:03]} 57. Bb6 {[%emt 0:00:56]} Kf4 {[%emt 0:00:07]} 58. Bc6 {[%emt 0:01:17]} Bd4 {[%emt 0:00:20]} 59. Bc7+ {[%emt 0:00:43]} Be5 {[%emt 0:00:06]} 60. Bb6 {[%emt 0:00:23]} Ng3+ {[%emt 0:00:11]} 61. Kf2 {[%emt 0:00:25]} Nf5 {[%emt 0:00:09]} 62. Ke2 {[%emt 0:00:18]} Bd6 {[%emt 0:00:10]} 63. Bb5 {[%emt 0:01:32]} e3 {[%emt 0:00:28]} 64. Bc4 {[%emt 0:01:58]} Ng3+ {[%emt 0:00:08]} 65. Kd1 {[%emt 0:00:19]} Kf3 {[%emt 0:01:01]} 66. Ke1 {[%emt 0:00:26]} Be5 {[%emt 0:01:51]} 67. Bd5+ {[%emt 0:00:29]} Kf4 {[%emt 0:00:06]} 68. Bc4 {[%emt 0:00:27]} Bc3+ {[%emt 0:00:23]} 69. Kd1 {[%emt 0:00:09]} Kf3 {[%emt 0:00:11]} 70. Bd5+ {[%emt 0:00:45]} Kf2 {[%emt 0:00:10]} 71. Bc5 {[%emt 0:00:19]} Nf5 {[%emt 0:00:23]} 72. Be6 {[%emt 0:00:31]} Bd4 {[%emt 0:02:55]} 73. Bxb4 {[%emt 0:02:01]} e2+ {[%emt 0:00:22]} 74. Kc2 {[%emt 0:00:34]} Bc5 {[%emt 0:00:46]} 75. Bxc5+ {[%emt 0:00:15]} Ne3+ {[%emt 0:00:05]} 76. Bxe3+ {[%emt 0:00:44]} Kxe3 {[%emt 0:00:05]} 77. Bb3 {[%emt 0:00:19]} e1=Q {[%emt 0:00:10]} 78. Kb2 {[%emt 0:00:05]} Kd2 {[%emt 0:00:10]} 79. Ka3 {[%emt 0:00:04]} Kc3 {[%emt 0:00:04]} 80. Ka4 {[%emt 0:00:05]} Qe5 {[%emt 0:00:05]} 81. Bg8 {[%emt 0:00:33]} Qc5 {[%emt 0:00:15]} 0-1

[Event "EYCC Open U10 2021"]
[Site "Tornelo"]
[Date "2021.10.15"]
[Round "5.5"]
[White "Besou, Hussain"]
[Black "Nemitz, Alfred"]
[Result "1-0"]
[WhiteElo "1995"]
[BlackElo "1450"]
[Annotator "TA"]
[PlyCount "103"]
[EventDate "2021.10.15"]
[EventType "swiss"]
[EventCountry "NET"]
[SourceTitle "playchess.com"]
[Source "ChessBase"]
[SourceQuality "1"]

{[%evp 9,103,87,113,103,119,108,128,140,128,79,122,61,73,44,41,58,46,51,62,25,33,27,56,43,200,112,108,94,216,144,155,145,372,339,659,608,652,651,616,635,680,670,649,668,648,472,808,547,591,575,578,577,581,579,595,590,531,412,617,604,587,521,906,910,818,773,845,826,838,797,700,682,683,1653,1300,1630,1603,1329,1242,1124,786,734,1845,1614,2294,1808,5741,5756,5620,4717,29967,29972,29968,29955,5085,1797]} 1. d4 d6 2. Nf3 Bg4 3. g3 Bxf3 4. exf3 e5 5. dxe5 dxe5 6. Qxd8+ {A41: 1 d4 d6: Tartakower System and Modern Defence.} Kxd8 7. f4 Bd6 8. fxe5 {White is better.} Bxe5 {[#]} 9. Nc3 $146 ({Predecessor:} 9. Bg2 c6 10. Na3 Nd7 11. Nc4 Bc7 12. O-O Ngf6 13. Rd1 Re8 14. b3 Ne4 15. Bh3 {1-0 (29) Sapis,W (2440)-Grechanovskaya,E (2100) Legnica 1995}) 9... c6 10. Bg5+ ({White should try} 10. Ne4 $16) 10... Kc7 11. O-O-O {[#] Bd8+ is the strong threat.} Nf6 12. Bc4 Rf8 13. Rhe1 Nbd7 14. a4 h6 15. Bd2 $36 {[%mdl 2048] Black is under pressure.} Ng4 16. f4 Bf6 ({Better is} 16... Bd4 $1 $14) 17. Re2 (17. Ne4 $18 Be7 18. Bc3) 17... Nb6 $16 18. Bb3 {Strongly threatening h3.} h5 (18... Rae8 $16 19. Rde1 Rxe2 20. Rxe2 Bd4) 19. h3 Nh6 20. Ne4 Be7 (20... Rae8 $16 {was called for.} 21. Bb4 Be7) 21. Bc3 Nf5 $2 (21... Rad8 22. Bxg7 Rxd1+ 23. Kxd1 Rd8+ 24. Rd2 Rxd2+ 25. Kxd2 (25. Nxd2 Nf5 $16) 25... Nf5) 22. Be5+ $18 Kc8 23. g4 hxg4 24. hxg4 Nh6 25. Bxg7 {[%mdl 64] [#] Double Attack} Nxg4 26. Bxf8 Bxf8 27. a5 Nd7 (27... Nd5 $142 28. Bxd5 cxd5 29. Rxd5 Kc7) 28. Nd6+ Bxd6 29. Re8+ Kc7 30. Rxa8 Bxf4+ 31. Kb1 Ne3 32. Rd4 Be5 33. Re4 Nd5 (33... Nf5 $142 34. a6 Nd6) 34. Bxd5 cxd5 35. Re2 f5 36. a6 Bd4 37. Rd2 Be3 38. Rxd5 Nb6 39. axb7 Kxb7 40. Rad8 Nxd5 41. Rxd5 {[%mdl 4096] Endgame KR-KB} f4 42. Rf5 Kc6 43. c4 Kd6 44. Kc2 Ke6 45. Rf8 Ke5 46. Kd3 Bc5 47. Rd8 Bb6 48. Rd5+ Ke6 49. Ke4 Bc7 50. b4 Bb8 51. Rh5 Kd7 52. Kd5 {Weighted Error Value: White=0.36/Black=0.71} (52. b5 $142 f3 53. Kxf3) 1-0

[Event "EYCC Open U10 2021"]
[Site "Tornelo"]
[Date "2021.10.15"]
[Round "5.6"]
[White "Ekmekcioglu, Gokdeniz"]
[Black "Ochedzan, Filip"]
[Result "1/2-1/2"]
[WhiteElo "1463"]
[BlackElo "1696"]
[Annotator "NA RC"]
[PlyCount "91"]
[EventDate "2021.10.15"]
[EventType "swiss"]
[EventCountry "NET"]
[SourceTitle "playchess.com"]
[Source "ChessBase"]
[SourceQuality "1"]
[TimeControl "5400+30"]

1. d4 {[%emt 0:00:30]} d5 {[%emt 0:00:39]} 2. c4 {[%emt 0:00:21]} dxc4 {[%emt 0:00:14]} 3. Nf3 {[%emt 0:00:33]} Nf6 {[%emt 0:00:23]} 4. Nc3 {[%emt 0:00:41]} a6 {[%emt 0:03:13]} 5. a4 {[%emt 0:01:57]} Nc6 {[%emt 0:01:11]} 6. e3 {[%emt 0:02:48]} Na5 {[%emt 0:02:13]} 7. Ne5 {[%emt 0:01:25]} Be6 {[%emt 0:03:09]} 8. Be2 {[%emt 0:03:11]} g6 {[%emt 0:03:22]} 9. O-O {[%emt 0:03:10]} Bg7 {[%emt 0:02:39]} 10. f4 {[%emt 0:03:27]} c6 {[%emt 0:07:07]} 11. Bf3 {[%emt 0:05:59]} Rb8 {[%emt 0:03:08]} 12. Bd2 {[%emt 0:01:58]} Nb3 {[%emt 0:10:41]} 13. Ra3 {[%emt 0:03:29]} c5 {[%emt 0:02:00]} 14. Ne2 {[%emt 0:04:53]} cxd4 {[%emt 0:02:32]} 15. exd4 {[%emt 0:01:26]} Nxd4 {[%emt 0:07:00]} 16. Nxd4 {[%emt 0:04:18]} Qxd4+ {[%emt 0:00:05]} 17. Be3 {[%emt 0:02:45]} Qxb2 {[%emt 0:08:34]} 18. Ra1 {[%emt 0:00:31]} O-O {[%emt 0:01:10]} 19. Rb1 {[%emt 0:01:05]} Qa3 {[%emt 0:00:39]} 20. Bb6 {[%emt 0:01:21]} c3 {[%emt 0:05:18]} 21. a5 {[%emt 0:01:51]} Ne8 {[%emt 0:05:04]} 22. Ra1 {[%emt 0:04:13]} Qd6 {[%emt 0:01:53]} 23. Qc2 {[%emt 0:02:47]} Bxe5 {[%emt 0:03:07]} 24. fxe5 {[%emt 0:02:45]} Qxe5 {[%emt 0:00:16]} 25. Rfe1 {[%emt 0:00:52]} Qf6 {[%emt 0:00:26]} 26. Ra3 {[%emt 0:00:35]} Nd6 {[%emt 0:02:51]} 27. Rxc3 {[%emt 0:02:18]} Nb5 {[%emt 0:01:01]} 28. Rce3 {[%emt 0:01:27]} Rfc8 {[%emt 0:00:35]} 29. Qf2 {[%emt 0:03:40]} Qf5 {[%emt 0:04:18]} 30. Qg3 {[%emt 0:04:07]} Nd6 {[%emt 0:00:16]} 31. Rxe6 {[%emt 0:01:57]} fxe6 {[%emt 0:00:27]} 32. Bg4 {[%emt 0:00:08]} Qf6 {[%emt 0:00:55]} 33. Bxe6+ {[%emt 0:01:02]} Kg7 {[%emt 0:00:20]} 34. Bxc8 {[%emt 0:00:28]} Rxc8 {[%emt 0:00:07]} 35. Rf1 {[%emt 0:01:21]} Nf5 {[%emt 0:00:30]} 36. Qf3 {[%emt 0:03:49]} Qc6 {[%emt 0:01:37]} 37. Qe2 {[%emt 0:01:48]} Qd6 {[%emt 0:01:11]} 38. Qf3 {[%emt 0:02:09]} Qc6 {[%emt 0:02:47]} 39. Qe2 {[%emt 0:00:44]} Qb5 {[%emt 0:03:48]} 40. Bd4+ {[%emt 0:04:29]} Nxd4 {[%emt 0:03:51]} 41. Qxe7+ {[%emt 0:00:08]} Kg8 {[%emt 0:02:04]} 42. Qf7+ {[%emt 0:00:05]} Kh8 {[%emt 0:00:03]} 43. Qf6+ {[%emt 0:00:02]} Kg8 {[%emt 0:00:04]} 44. Qf7+ {[%emt 0:00:02]} Kh8 {[%emt 0:00:04]} 45. Qf6+ {[%emt 0:00:02]} Kg8 {[%emt 0:00:05]} 46. Qf7+ {[%emt 0:00:01]} 1/2-1/2